DIAGNOSIS:A SYMPTOM-BASED APPROACH IN INTERNAL MEDICNE (Record no. 216886)

MARC details
000 -LEADER
fixed length control field 00489nam a22001577a 4500
008 - FIXED-LENGTH DATA ELEMENTS--GENERAL INFORMATION
fixed length control field 260327b |||||||| |||| 00| 0 eng d
020 ## - INTERNATIONAL STANDARD BOOK NUMBER
International Standard Book Number 978-93-80704-75-3
050 ## - LIBRARY OF CONGRESS CALL NUMBER
Classification number RC 71.M33 2011
100 ## - MAIN ENTRY--PERSONAL NAME
Personal name MADGAONKAR CS
245 ## - TITLE STATEMENT
Title DIAGNOSIS:A SYMPTOM-BASED APPROACH IN INTERNAL MEDICNE
260 ## - PUBLICATION, DISTRIBUTION, ETC.
Place of publication, distribution, etc. NEW DELHI
Name of publisher, distributor, etc. JAYPEE BROTHERS MEDICAL PUBLISHERS
Date of publication, distribution, etc. 2011
300 ## - PHYSICAL DESCRIPTION
Extent X,358
650 ## - SUBJECT ADDED ENTRY
Topical term or geographic name entry element Diagnosis handbook manuals-symptoms -handbook,manuals
942 ## - ADDED ENTRY ELEMENTS (KOHA)
Source of classification or shelving scheme Library of Congress Classification
Koha item type Long Loan Book
Holdings
Withdrawn status Lost status Source of classification or shelving scheme Damaged status Not for loan Collection Home library Current library Shelving location Date acquired Inventory number Total checkouts Full call number Barcode Date last seen Copy number Price effective from Koha item type
    Library of Congress Classification     Medicine Kisii University Library Kisii University Library On Display 03/27/2026 112637   RC 71.M33 2011 A000014 03/27/2026 C.1 03/27/2026 Long Loan Book
    Library of Congress Classification     Medicine Kisii University Library Kisii University Library On Display 03/27/2026 112638   RC 71.M33 2011 A000013 03/27/2026 C.2 03/27/2026 Long Loan Book
    Library of Congress Classification     Medicine Kisii University Library Kisii University Library On Display 03/27/2026 112639   RC 71.M33 2011 A000011 03/27/2026 C.3 03/27/2026 Long Loan Book
    Library of Congress Classification     Medicine Kisii University Library Kisii University Library On Display 03/27/2026 112640   RC 71.M33 2011 A000012 03/27/2026 C.4 03/27/2026 Long Loan Book